Exploring Protestant traditions : (Record no. 21347)

MARC details
000 -LEADER
fixed length control field 01867cam a22003854a 4500
001 - CONTROL NUMBER
control field 14343593
003 - CONTROL NUMBER IDENTIFIER
control field OSt
005 - DATE AND TIME OF LATEST TRANSACTION
control field 20260313102741.0
008 - FIXED-LENGTH DATA ELEMENTS--GENERAL INFORMATION
fixed length control field 060418s2006 ilua b 001 0 eng
010 ## - LIBRARY OF CONGRESS CONTROL NUMBER
LC control number 2006013028
020 ## - INTERNATIONAL STANDARD BOOK NUMBER
International Standard Book Number 083082832X
Qualifying information pbk. : alk. paper
020 ## - INTERNATIONAL STANDARD BOOK NUMBER
International Standard Book Number 9780830828326
Qualifying information pbk. : alk. paper
020 ## - INTERNATIONAL STANDARD BOOK NUMBER
International Standard Book Number 9780830828326
035 ## - SYSTEM CONTROL NUMBER
System control number 14343593
035 ## - SYSTEM CONTROL NUMBER
System control number (OCoLC)67728064
040 ## - CATALOGING SOURCE
Original cataloging agency DLC
Transcribing agency DLC
Modifying agency DLC
042 ## - AUTHENTICATION CODE
Authentication code pcc
050 00 - LIBRARY OF CONGRESS CALL NUMBER
Classification number BT77
Item number .B97 2006
082 00 - DEWEY DECIMAL CLASSIFICATION NUMBER
Classification number 230/.044
Edition number 22
100 1# - MAIN ENTRY--PERSONAL NAME
Personal name Buschart, W. David.
245 10 - TITLE STATEMENT
Title Exploring Protestant traditions :
Remainder of title an invitation to theological hospitality /
Statement of responsibility, etc. W. David Buschart.
260 ## - PUBLICATION, DISTRIBUTION, ETC. (IMPRINT)
Place of publication, distribution, etc. Downers Grove, Ill. :
Name of publisher, distributor, etc. IVP Academic,
Date of publication, distribution, etc. c2006.
300 ## - PHYSICAL DESCRIPTION
Extent 373 p. :
Other physical details ill. ;
Dimensions 23 cm.
336 ## - CONTENT TYPE
Content type term text
Content type code txt
Source rdacontent
337 ## - MEDIA TYPE
Media type term unmediated
Media type code n
Source rdamedia
338 ## - CARRIER TYPE
Carrier type term volume
Carrier type code nc
Source rdacarrier
504 ## - BIBLIOGRAPHY, ETC. NOTE
Bibliography, etc Includes bibliographical references (p. [281]-362) and indexes.
505 0# - FORMATTED CONTENTS NOTE
Formatted contents note Introduction -- A gospel of grace : Lutheran theology -- Faith for radical community : Anabaptist theology -- To the glory of God, and God alone : Reformed theology -- The spirit of a via media : Anglican theology -- Freedom for immediacy : Baptist theology -- Grace-full holiness and holy wholeness : Wesleyan theology -- Rightly dividing the scriptures : dispensational theology -- The spirit of continuity : Pentecostal theology -- Theological traditions and Christian hospitality.
650 #0 - SUBJECT ADDED ENTRY--TOPICAL TERM
Topical term or geographic name as entry element Theology, Doctrinal.
856 41 - ELECTRONIC LOCATION AND ACCESS
Materials specified Table of contents
Uniform Resource Identifier <a href="http://www.loc.gov/catdir/toc/ecip0612/2006013028.html">http://www.loc.gov/catdir/toc/ecip0612/2006013028.html</a>
906 ## - LOCAL DATA ELEMENT F, LDF (RLIN)
a 7
b cbc
c orignew
d 1
e ecip
f 20
g y-gencatlg
942 ## - ADDED ENTRY ELEMENTS (KOHA)
Source of classification or shelving scheme Library of Congress Classification
Koha item type General Collection
Holdings
Withdrawn status Lost status Source of classification or shelving scheme Not for loan Home library Current library Shelving location Date acquired Source of acquisition Inventory number Total Checkouts Full call number Barcode Date last seen Copy number Price effective from Koha item type
    Library of Congress Classification   Kabarak, Main Campus Kabarak, Main Campus General Stacks 13/03/2026 Donation 2025/2465   BT77 .B97 2006 C.1 39497 13/03/2026 C.1 13/03/2026 General Collection
Designed with assistance from East African Informatics Ltd